000 00519nam a22001817a 4500
005 20251208124546.0
008 251208b |||||||| |||| 00| 0 eng d
040 _aMAIN
082 _a294.4
_bK959J
100 _aKuldeep
245 _aJain yogasahitya ke kshatr mein acharya haribhadrasuri ka yogadan: Ek samikshatmak adhyayan
260 _bDepartment of Sanskrit, M D University, Rohtak
_c2024
300 _ax, 225
650 _aSanskrit
650 _aJain Religion
700 _aSurender Kumar
942 _cTH
999 _c394585
_d394585